Miguel de Delibes : Un hombre, un paisaje, una pasión

Αποθηκεύτηκε σε:
Λεπτομέρειες βιβλιογραφικής εγγραφής
Κύριος συγγραφέας: García Domínguez, Ramón
Μορφή: Βιβλίο
Γλώσσα:Undetermined
Έκδοση: Barcelona, España Ediciones Destino 1985
Θέματα:
Ετικέτες: Προσθήκη ετικέτας
Δεν υπάρχουν, Καταχωρήστε ετικέτα πρώτοι!

MARC

LEADER 00000nam a2200000Ia 4500
008 170316s9999 xx 000 0 und d
040 |a cru BVZT 
090 |a 862 G-10m 
100 |a García Domínguez, Ramón 
245 |a Miguel de Delibes : Un hombre, un paisaje, una pasión 
260 |a Barcelona, España 
260 |b Ediciones Destino 
260 |c 1985 
300 |a 100 páginas 
650 |a LITERATURA ESPAÑOLA 
999 |c 9862  |d 9862 
942 |c 15 D  |h 862 G-10m  |2 z